000 00447nam a22001697a 4500
020 _a9788131733660
082 _a621.301
_bHUG/EL
100 _aHughes, Edward
245 _aHughes electrical and electronic technology
250 _a10
260 _aNew Delhi
_bPearson Education
_bDorling Kindersley India Pvt. Ltd.
_c2011
300 _a1008
700 _aHiley, John
700 _aBrown, Keith
700 _aSmith, Ian McKenzie
942 _cBK
999 _c13651
_d13651